000
00296nam a22001217a 4500
082
_a
623.67
_b
MIL
245
_a
Military Engineering Vol-III
260
_a
Rawalpindi
_c
1957
300
_a
570. P
_b
ill,
_c
35cm
526
_a
0
_b
0
_c
0
_d
623_670000000000000_MIL
650
_a
MCE
_9
379
942
_2
ddc
_c
BK
999
_c
551784
_d
551784